• 首页
  • 本馆介绍
  • 公告通知
  • 最新文献
  • 馆藏检索
  • 电子资源
  • 读者导购
  • 参考咨询
  • 我的图书馆
  • 登录
  • 详细信息显示
  • 放入我的书架
  • 预约/预借图书
  • 作者相关作品
  • 分类相关作品
  • 丛书相关作品
  • 出版社相关作品

书目信息

  • 表格格式
  • 工作单格式
  • 卡片格式
题名:
世界上古中古史辅导与习题
    
 
作者: 王永本 编写 ;本书编写组 编
分册:  
出版信息: 北京   高等教育出版社  1993.10
页数: 288页
开本: 19cm
丛书名: 中学教师进修高等师范专科历史专业辅导与习题丛书
单 册:
中图分类: K11
科图分类: 21.121
主题词: 古代史∶世界史--高等师范教育--教学参考资料 , 世界史∶中世纪史--高等师范教育--教学参考资料 , 世界史∶古代史--高等师范教育--教学参考资料 , 中世纪史∶世界史--高等师范教育--教学参考资料
电子资源:
ISBN: 7-04-004410-2
000 01131nam2 2200301 45
001 0194005215
005 20070613161540.40
010    @a7-04-004410-2@dCNY3.80
100    @a19940204d1993 em y0chiy0121 ea
101 0  @achi
102    @aCN@b110000
105    @ay z 000yy
200 10 @a世界上古中古史辅导与习题@ASHI JIE SHANG GU ZHONG GU SHI FU DAO YU XI TI@f王永本等编写@FWANG YONG BEN DENG BIAN XIE@g世界上古中古史辅导与习题编写组编
210    @a北京@c高等教育出版社@d1993.10
215    @a288页@d19cm
225 2  @a中学教师进修高等师范专科历史专业辅导与习题丛书
410  0 @120010@a中学教师进修高等师范专科历史专业辅导与习题丛书
540 1  @a上古史 中古史@ASHANG GU SHI ZHONG GU SHI
606    @a古代史∶世界史@x高等师范教育@x教学参考资料
606    @a世界史∶中世纪史@x高等师范教育@x教学参考资料
606    @a世界史∶古代史@x高等师范教育@x教学参考资料
606    @a中世纪史∶世界史@x高等师范教育@x教学参考资料
690    @aK11@v三版
692    @a21.121
701  0 @a王永本@AWANG YONG BEN@4编写
712 A2 @a本书编写组@ABEN SHU BIAN XIE ZU@4编
801  0 @aCN@bTSSF@c20070613
905    @a10447@dK11@e169
    
    世界上古中古史辅导与习题/王永本等编写/世界上古中古史辅导与习题编写组编.-北京:高等教育出版社,1993.10
    288页;19cm.-(中学教师进修高等师范专科历史专业辅导与习题丛书)
    
    
    ISBN 7-04-004410-2:CNY3.80
    
●
相关链接 在E读中查询图书 在五车中查询图书 在当当中查询图书 在豆瓣中查询图书


正题名:世界上古中古史辅导与习题     索取号:K11/169         预约/预借

序号 登录号 条形码 馆藏地/架位号 状态 备注
1 0643486   206434866   库房3/ [索取号:K11/169] 在馆    
2 0643487   206434875   库房3/ [索取号:K11/169] 在馆    
3 0643488   206434884   库房3/ [索取号:K11/169] 在馆    
4 0643489   206434893   库房3/ [索取号:K11/169] 在馆    
5 0643490   206434900   库房3/ [索取号:K11/169] 在馆    
6 0643491   206434919   库房3/ [索取号:K11/169] 在馆    
7 0643492   206434928   库房3/ [索取号:K11/169] 在馆    
8 0643493   206434937   库房3/ [索取号:K11/169] 在馆    
9 0643494   206434946   库房3/ [索取号:K11/169] 在馆    
10 0643495   206434955   库房3/ [索取号:K11/169] 在馆    
11 0643496   206434964   库房3/ [索取号:K11/169] 在馆    
12 0643497   206434973   库房3/ [索取号:K11/169] 在馆    
13 0643498   206434982   库房3/ [索取号:K11/169] 在馆    
14 0643499   206434991   库房3/ [索取号:K11/169] 在馆    
15 0643500   206435008   库房3/ [索取号:K11/169] 在馆    
16 0643501   206435017   库房3/ [索取号:K11/169] 在馆    
17 0643502   206435026   库房3/ [索取号:K11/169] 在馆    
18 0643503   206435035   库房3/ [索取号:K11/169] 在馆    
19 0643504   206435044   库房3/ [索取号:K11/169] 在馆    
20 0643505   206435053   库房3/ [索取号:K11/169] 在馆    
21 0643506   206435062   库房3/ [索取号:K11/169] 在馆    
唐山师范学院图书馆 欢迎您!
大连网信软件有限公司© 版权所有